Responses for Show #5574 - Thursday, November 27, 2008

Contestants

[<< previous game]

Danielle Sexton, a law student from Englewood, Colorado

Peter Pinnow, a high school English teacher from Oxford, Mississippi

Nathaniel Barnes, a composer and bartender from Toronto, Ontario, Canada (whose 3-day cash winnings total $57,300)

[next game >>]

Jeopardy! Round responses

PASS THE TURKEY
"DIS" FUNCTION
IT'S ALL POLITICALLY RELATIVE
POETRY
THREE OF A KIND
THE PRO FOOTBALL HALL OF FAME
(Kelly: Where you can get up close with the giants of the gridiron.)
    $200 13
Ankara

Peter
    $200 15
a discus

Danielle
    $200 11
John McCain

Peter
    $200 1
Homer

Nathaniel
    $200 22
sharks

Peter
    $200 6
Jim Thorpe

Peter
    $400 27
Sunni

Nathaniel
    $400 16
disallow (or disqualify)

Peter
    $400 12
Angelina Jolie

Danielle
    $400 2
an ode

Peter
    $400 23
dances

Peter
    $400 7
(Alex: Yeah, a pretty good dancer, too.)

Emmitt Smith

Peter
    $600 28
a fez

Nathaniel
    $600 18
(Peter: What is jurisdiction?)

district

NathanielPeter
    $600 14
(John) Kerry

Nathaniel
    $600 3
Edgar Allan Poe

Nathaniel
    $600 24
judges

Nathaniel
    $600 8
(Peter: What is a kickoff?)

109 yards

Peter
Triple Stumper
    $800 29
(Nathaniel: What is Iran?)
(Peter: What is Iraq?)

Syria

NathanielPeter
Triple Stumper
    $800 19
discreet or discrete

Nathaniel
    $800 17
Elvis Presley

Nathaniel
    $800 4
Robert Frost

Peter
    $800 25
trophies

Peter
    $800 9
the Buffalo Bills

Peter
    $1000 30
Ararat

Nathaniel
    $1000 20
Discord

Peter
    $1000 21
Dick Cheney

Peter
    $1000 5
"Deutschland, Deutschland uber alles"

Triple Stumper
    $2,400 26
archipelagoes

Peter
    $1000 10
Warren Moon

Peter

Scores at the first commercial break (after clue 15):

Nathaniel Peter Danielle
$1,400 $3,400 $600

Scores at the end of the Jeopardy! Round:

Nathaniel Peter Danielle
$5,400 $8,200 $600

Double Jeopardy! Round responses

THEOLOGY
SHOW BIZ AWARD WINNERS
CONSTELLATIONS, LITERALLY
(Alex: For example, if I said, "Leo", you'd say, "What is the lion?")
HAIL, CAESAR
TIME TO SURRENDER
SAY "UNC"LE
(Alex: "U-N-C" will come up in each correct response.)
    $400 7
faith

Peter
    $400 13
Justin Timberlake

Danielle
    $400 1
the whale

Peter
    $400 30
Little Caesars

Danielle
    $400 20
Peter Stuyvesant

Triple Stumper
    $400 25
a puncture

Peter
    $800 6
(Danielle: What is anointed?)

elect

PeterDanielle
    $800 14
Elijah Wood

Danielle
    $800 2
(Nathaniel: What is water bearer?)

the eagle

Nathaniel
Triple Stumper
    $800 11
Sonny & Cher

Nathaniel
    $800 21
Stalingrad

Nathaniel
    $800 26
avuncular

Nathaniel
    $1200 8
(Danielle: What is Judaic?)
(Nathaniel: What is Jesuit?)

Jewish Theological Seminary

NathanielPeterDanielle
    $1200 15
Ray Romano

Danielle
    $3,000 3
(Alex: Yes, indeed--one horn.)

unicorn

Peter
    $1200 12
Dagwood

Danielle
    $1200 22
"Missouri"

Peter
    $1200 27
conjunctivitis

Nathaniel
    $1600 9
Saint Augustine

Nathaniel
    $3,000 16
Marc Anthony

Danielle
    $1600 4
(Peter: What is a [**]?)
[Initially ruled incorrect; reversed before the Daily Double at clue 16]

a crow (or a raven)

PeterDanielle
    $1600 18
"Tea For Two"

Peter
    $1600 23
Franco-Prussian War

Nathaniel
    $1600 28
an injunction

Danielle
    $2000 10
Liberation Theology

Triple Stumper
    $2000 17
Tilda Swinton

Nathaniel
    $2000 5
a giraffe

Nathaniel
    $2000 19
Caesar Rodney

Peter
    $2000 24
Fort Necessity

Triple Stumper
    $2000 29
truncate

Danielle

Scores at the end of the Double Jeopardy! Round:

Nathaniel Peter Danielle
$14,200 $20,800 $10,800

[wagering suggestions for these scores]

Final Jeopardy! Round responses

(Alex: I hope you're all having a marvelous time celebrating this national holiday of Thanksgiving...)
HOLIDAYS & OBSERVANCES
(Peter: I couldn't remember the name of the Hawaiian queen.)
(Alex: You were thinking of Queen Lili'uokalani, but, no, it's [*] of Hawaii. You were on the right state.)
DanielleWho is ?
$10,795
NathanielWho is
$7,500
PeterWho is Queen Kaile
$8,000
King Kamehameha

Final scores:

Nathaniel Peter Danielle
$6,700 $12,800 $5
2nd place: $2,000 New champion: $12,800 3rd place: $1,000

Game dynamics:

Coryat scores:

Nathaniel Peter Danielle
$14,200 $17,600 $9,400
18 R,
3 W
25 R
(including 2 DDs),
3 W
11 R
(including 1 DD),
2 W

Combined Coryat: $41,200

[game clues] [game scores] [suggest correction]

Game tape date: 2008-09-26
The J! Archive is created by fans, for fans. Scraping, republication, monetization, and malicious use prohibited; this site may use cookies and collect identifying information. See terms. The Jeopardy! game show and all elements thereof, including but not limited to copyright and trademark thereto, are the property of Jeopardy Productions, Inc. and are protected under law. This website is not affiliated with, sponsored by, or operated by Jeopardy Productions, Inc. Join the discussion at JBoard.tv.